[Event "Superbet Rapid 2023"]
[Site "Warsaw POL"]
[Date "2023.05.23"]
[Round "9.3"]
[White "Giri, Anish"]
[Black "So, Wesley"]
[Result "1/2-1/2"]
[WhiteTitle "GM"]
[BlackTitle "GM"]
[WhiteElo "2768"]
[BlackElo "2760"]
[WhiteFideId "24116068"]
[BlackFideId "5202213"]
[EventDate "2023.05.21"]

1. d4 Nf6 2. c4 e6 3. Nc3 Bb4 4. Qc2 O-O 5. e4 d5 6. e5 Ne4 7. Bd3 c5 8. Nf3
cxd4 9. Nxd4 Nd7 10. Bf4 Qh4 11. g3 Qh5 12. O-O g5 13. cxd5 Bxc3 14. bxc3 exd5
15. Be3 Nxe5 16. f3 Nc5 17. Bf5 Ne6 18. g4 Qh6 19. Rae1 Nxd4 20. Bxd4 Nc6 21.
Be3 Bxf5 22. Qxf5 Qg6 23. Qxg5 Qxg5 24. Bxg5 f6 25. Be3 Kf7 26. Kf2 Rac8 27. Rb1
b6 28. Rfd1 Rfd8 29. Rb5 Ne7 30. a4 Rxc3 31. a5 Rc2+ 32. Kg3 Re2 33. Bg1 h5 34.
axb6 axb6 35. Rxb6 Rg8 36. Rb7 hxg4 37. fxg4 f5 38. Kf3 Re6 39. gxf5 Re5 40. Bc5
Rxf5+ 41. Ke3 Re8 42. Kd2 d4 43. Rc7 Re5 44. Bxd4 Rd8 45. Kc1 Re6 46. Rf1+ Ke8
47. Bc5 Rc8 48. Rxc8+ Nxc8 49. Rf8+ Kd7 50. Kd2 Nd6 51. Kd3 Rh6 52. Rf2 Rh3+ 53.
Be3 Nc4 54. Kxc4 Rxe3 55. Kd4 Rh3 56. Ke4 Ke7 57. Kf5 Rh8 58. Kg6 Rg8+ 59. Kh6
Rf8 60. Re2+ Kf6 61. Rf2+ Ke7 62. Rg2 Kf6 63. Kh7 Rf7+ 64. Kg8 Ra7 65. h4 Ra5
66. Rg4 Rh5 67. Ra4 Kg6 68. Ra6+ Kf5 69. Ra5+ Kg4 70. Rxh5 Kxh5 71. Kf7 1/2-1/2

[Event "Superbet Rapid 2023"]
[Site "Warsaw POL"]
[Date "2023.05.23"]
[Round "9.4"]
[White "Deac, Bogdan-Daniel"]
[Black "Wojtaszek, Radoslaw"]
[Result "1/2-1/2"]
[WhiteTitle "GM"]
[BlackTitle "GM"]
[WhiteElo "2700"]
[BlackElo "2670"]
[WhiteFideId "1226380"]
[BlackFideId "1118358"]
[EventDate "2023.05.21"]

1. e4 c5 2. Nf3 d6 3. d4 cxd4 4. Qxd4 Nf6 5. Be2 Nc6 6. Qe3 g6 7. O-O Bg7 8. h3
O-O 9. Rd1 Nd7 10. Nc3 b6 11. Qf4 Bb7 12. Qh4 Nde5 13. Nxe5 Nxe5 14. Bg5 f6 15.
Bd2 Rc8 16. Rab1 e6 17. f4 Nc4 18. f5 exf5 19. exf5 Qc7 20. Qf2 Nxd2 21. Rxd2
Bh6 22. Rd3 Rce8 23. Bf3 Bc8 24. fxg6 hxg6 25. Nb5 Qc5 26. Qxc5 dxc5 27. Nd6 Re3
28. Nxc8 Rxd3 29. cxd3 Rxc8 30. Bd5+ Kf8 31. Re1 Re8 32. Rxe8+ Kxe8 33. Kf2 f5
34. a4 Ke7 35. Kf3 Bc1 36. b3 Kf6 37. h4 Ke5 38. Bf7 Kf6 39. Bc4 Bd2 40. g3 Bc1
41. g4 fxg4+ 42. Kxg4 Bd2 43. Bd5 Bc1 44. Bc4 Bd2 45. h5 gxh5+ 46. Kxh5 Ke5 47.
Kg6 Kd6 48. Kf7 Bc3 49. Bb5 Bd2 50. Bc4 Bc3 51. Bb5 Bd2 52. Bc4 Bc3 1/2-1/2

[Event "Superbet Rapid 2023"]
[Site "Warsaw POL"]
[Date "2023.05.23"]
[Round "9.5"]
[White "Carlsen, Magnus"]
[Black "Rapport, Richard"]
[Result "1/2-1/2"]
[WhiteTitle "GM"]
[BlackTitle "GM"]
[WhiteElo "2853"]
[BlackElo "2745"]
[WhiteFideId "1503014"]
[BlackFideId "738590"]
[EventDate "2023.05.21"]

1. c4 Nf6 2. Nf3 b6 3. d4 Bb7 4. g3 e6 5. Bg2 Be7 6. Nc3 Ne4 7. Bd2 d6 8. d5
Nxd2 9. Qxd2 e5 10. h4 Nd7 11. e4 h5 12. Bh3 g6 13. O-O-O Ba6 14. Qe2 Nc5 15.
Kb1 Bc8 16. Bxc8 Qxc8 17. Ne1 Qg4 18. f3 Qd7 19. Nd3 Nxd3 20. Rxd3 f5 21. f4 Bf6
22. exf5 gxf5 23. fxe5 Bxe5 24. Nb5 O-O 25. Qxh5 Rae8 26. Qg5+ Kh8 27. Rf1 Qh7
28. Qd2 f4 29. g4 f3 30. a3 a6 31. Nc3 Rf4 32. Ka2 Ref8 33. Rf2 Qg6 34. g5 Qh5
35. Qd1 Qg4 36. Nb1 Qg3 37. Rf1 Qg2 38. Nd2 Bg7 39. h5 Qxg5 40. Rfxf3 Rxf3 41.
Nxf3 Qxh5 42. Qb3 Rf4 43. Re3 Rg4 44. Qd3 Rg2 45. Nd4 Kg8 46. Qe4 Qg4 47. Qe8+
Kh7 48. Re4 Qg5 49. Qd7 Rh2 50. Re7 b5 51. Qxc7 Rxb2+ 52. Kxb2 Qd2+ 53. Kb3 Qd3+
54. Kb4 Qd2+ 55. Kb3 Qd3+ 56. Ka2 Qd2+ 57. Kb1 Qd1+ 58. Kb2 Qd2+ 1/2-1/2